| 000 | 00477nam a2200145Ia 4500 | ||
|---|---|---|---|
| 008 | 231129s2012||||xx |||||||||||||| ||spa|| | ||
| 020 | _a978-958-46-0241-1 | ||
| 040 | _bspa | ||
| 082 | _a791 A478e | ||
| 100 | _aAlzate Vargas César | ||
| 245 | 0 | _aEncuentros del cine y la literatura en Colombia. Recuento histórico y filmografía total de adaptaciones 1899-2012 | |
| 260 | _c2012 | ||
| 264 | _aMinisterio de Cultur | ||
| 942 |
_2ddc _cBKS |
||
| 999 |
_c13054 _d13054 |
||